000 00528nam a2200181Ia 4500
003 GCL
008 140319s9999 xx 000 0 ara d
040 _aGCL /
_cGCL
082 0 4 _a364.165
_bر د
100 1 _aرزق سند ابراهيم ليلة
245 1 0 _aومازال النصب مستمرا /
_cرزق سند ابراهيم ليلة
300 _a135 ص
490 _a
650 0 4 _aالقانون
650 0 4 _aجرائم الاحتيال والنصب
650 0 4 _aمكافحة الجريمة
942 _2ddc
_cBK
999 _c45987
_d45987